000 01245nam a2200361Ia 4500
001 dia_3531
003 CHAP
005 20251021154438.0
008 220117s2016 xx 000 0 und d
010 _a173989
040 _cCHAP
082 _a641.37141 F67 2016
111 _aForo Internacional la Leche y la Salud (2016 : México)
_9154839
245 _aI Foro Internacional la Leche y la Salud /
_c organizado por la Comisión Ejecutiva Bovinos de Leche
260 _aMéxico :
_b CEBL,
_c2016
300 _a183 p.
503 _aD.
590 _aQP144.M54 F67 2016
650 0 _aIndustria láctea
_zMéxico
_9154840
650 _aLeche
_xComposición
_965363
650 _aLeche
_xDieta
_9154841
650 _aLeche
_xNutrición
_xCongresos, conferencias, etc.
_9154842
650 0 _aMilk industry
_zMexico
_9152321
650 _aMilk
_xComposition
_9154843
650 _aMilk
_xDiet
_9154844
650 _aMilk
_xNutrition
_xCongresses
_9154845
710 _aComisión Ejecutiva Bovinos de Leche
_9154846
711 _aI Foro Internacional la Leche y la Salud
_9154847
901 _a641.37141 F67 2016
902 _aM
905 _a5232272016 mx aimn8222323322spa16
942 _cLIBRO
_2ddc
999 _c173989
_d173989